000 00381nam a22001697a 4500
003 MPLRDC
005 20220104142542.0
008 210129b ||||| |||| 00| 0 eng d
082 _a802.791 WWX
100 _a王伟侠著
245 _a应用文讲话
_c
250 _a初版
260 _a
_b华国出版社
_c1941
300 _b
650 _a
942 _cBK
_o802.791 WWX
999 _c31806
_d31796